Vista normal Vista MARC

Entrada Topical Term

Número de registros utilizados en: 1

001 - CONTROL NUMBER

  • control field: 44339

003 - CONTROL NUMBER IDENTIFIER

  • control field: OSt

005 - DATE AND TIME OF LATEST TRANSACTION

  • control field: 20250925125214.0

008 - FIXED-LENGTH DATA ELEMENTS

  • fixed length control field: 250925|| aca||aabn | a|a d

040 ## - CATALOGING SOURCE

  • Original cataloging agency: OSt
  • Transcribing agency: OSt

150 ## - HEADING--TOPICAL TERM

  • Topical term or geographic name entry element: Economía venezolana
  • Geographic subdivision: Venezuela

670 ## - SOURCE DATA FOUND

  • Source citation: Work cat.: (OSt)31086: Echevarría, Oscar A., autor. 44338, La economía Venezolana 1944-1984 /